000 00387nam a2200157Ia 4500
008 230718s9999 xx 000 0 und d
041 _aeng
082 _bMEH
100 _aMehta N.V.
245 _aIncome Tax Ready Reckoner Ass Year 2003-2004
260 _c2003
_bShrikuber
300 _a352
365 _cRs.
_b360.00
700 _aMehta N.V.
906 _dB:50323-May-2003
_cOTH
_b72
999 _c305315
_d305315